Prealgebra and introductory algebra : (Record no. 16225)

000 -LEADER
fixed length control field 01114cam a2200313 i 4500
008 - FIXED-LENGTH DATA ELEMENTS--GENERAL INFORMATION
fixed length control field 121211s2014 caua 001 0 eng
020 ## - INTERNATIONAL STANDARD BOOK NUMBER
International Standard Book Number 9781133365426 (pbk.)
020 ## - INTERNATIONAL STANDARD BOOK NUMBER
International Standard Book Number 1133365426
050 00 - LIBRARY OF CONGRESS CALL NUMBER
Classification number QA152.3 .A86 2014
100 1# - MAIN ENTRY--PERSONAL NAME
Personal name Aufmann, Richard N.
245 10 - TITLE STATEMENT
Title Prealgebra and introductory algebra :
Remainder of title an applied approach /
Statement of responsibility, etc. Richard N. Aufmann, Palomar College ; Joanne S. Lockwood, Nashua Community College.
250 ## - EDITION STATEMENT
Edition statement 3rd ed.
300 ## - PHYSICAL DESCRIPTION
Extent 1 volume (various pagings) :
Other physical details illustrations ;
Dimensions 28 cm
500 ## - GENERAL NOTE
General note Includes index.
650 #0 - SUBJECT ADDED ENTRY--TOPICAL TERM
Topical term or geographic name as entry element Algebra
Form subdivision Textbooks.
700 1# - ADDED ENTRY--PERSONAL NAME
Personal name Lockwood, Joanne S.
942 ## - ADDED ENTRY ELEMENTS (KOHA)
Source of classification or shelving scheme
Koha item type Hard Covered Materials
Classification part QA152.3 .A86 2014
Holdings
Withdrawn status Lost status Source of classification or shelving scheme Damaged status Not for loan Home library Current library Shelving location Date acquired Source of acquisition Total Checkouts Full call number Barcode Date last seen Price effective from Koha item type
          MACHAKOS UNIVERSITY LIBRARY MACHAKOS UNIVERSITY LIBRARY Open shelf 09/11/2016 Donation (BFA)   QA152.3 .A86 2014 27459 09/11/2016 09/11/2016 Hard Covered Materials
© Machakos University Library, Along The Highway, Machakos Wote Rd, Machakos, Kenya P.O. Box 136 - 90100 Machakos - Kenya

Tel: ( +254 ) 723 805829 OR Fax : 044-20353 OR Email: library@mksu.ac.ke